Intelligent control systems using soft computing methodologies

שמור ב:
מידע ביבליוגרפי
פורמט: ספר
שפה:Undetermined
יצא לאור: Boca Raton, FL CRC Press 2001
נושאים:
תגים: הוספת תג
אין תגיות, היה/י הראשונ/ה לתייג את הרשומה!
Thư viện lưu trữ: Trung tâm Học liệu Trường Đại học Cần Thơ
LEADER 00652nam a2200205Ia 4500
001 CTU_58094
008 210402s9999 xx 000 0 und d
082 |a 629.890285 
082 |b I.61 
245 0 |a Intelligent control systems using soft computing methodologies 
245 0 |c Edited by Ali Zilouchian and Mo Jamshidi 
260 |a Boca Raton, FL 
260 |b CRC Press 
260 |c 2001 
526 |a Phương pháp tính trong kỹ thuật điện 
526 |b CN669 
650 |a intelligent control systems,soft computing 
650 |x data processing 
904 |i Minh 
980 |a Trung tâm Học liệu Trường Đại học Cần Thơ